On This Day: January 21st Quiz Stats

 Plays Quiz Updated Jan 21, 2018

Challenge
Share
Tweet
Embed
Score 0/7 Timer 03:00
0 Plays Today
Question Answer Wrong Answers
The first of these iconic sports cars, which were featured in the ‘Back to the Future’ film series, finishes production in Dunmurry, Northern Ireland.
1981
DeLorean DMC-12
90.3%
Nissan 300ZX
2%
Subaru XT
1.5%
Lotus Esprit
2.1%
This divisive figure, a Russian mystic, healer, and adviser to Tsar Nicholas II, is born.
1869
Grigori Rasputin
87%
Alexei Nikolaevich
2.1%
Nikola Tesla
2.5%
Vladimir Lenin
5.3%
The first Monte Carlo Rally takes place, with the finish line in this European microstate.
1911
Monaco
85.3%
San Marino
6%
Liechtenstein
2.9%
Andorra
2.2%
Over 400 cities across America and over 160 countries worldwide participate in a large-scale ______ march.
2017
Women’s
79%
World Peace
8.3%
Earth Conservation
6.9%
Science Support
1.4%
This American golfer, winner of a record 18 career major championships, is born.
1940
Jack Nicklaus
67.3%
Arnold Palmer
22.2%
Gary Player
3.2%
Tom Watson
3.5%
Jefferson Davis, the future President of the Confederate States, resigns from the United States ______.
1861
Senate
64.7%
House of Representatives
23.3%
Supreme Court
7.4%
Department of Foreign Affairs
1.9%
After being found guilty of treason by the French National Convention, this King of France is executed by guillotine.
1793
Louis XVI
62.4%
Louis XIV
31.7%
Henry IV
3.7%
Henry III
2.1%

You're not logged in!

Compare scores with friends on all Sporcle quizzes.
OR
Log In

You Might Also Like...

Show Comments

Extras

Top Quizzes Today


Score Distribution

Your Account Isn't Verified!

In order to create a playlist on Sporcle, you need to verify the email address you used during registration. Go to your Sporcle Settings to finish the process.

Report this User

Report this user for behavior that violates our Community Guidelines.

Details: